Atlas da natureza (Registo nº 601)

Detalhes MARC
000 -Etiqueta do registo
Cabeçalho 00578nam0a22002651 4500
005 - Identificador da versão
Campo de controlo 20240813121807.0
010 ## - Número internacional normalizado dos livros (ISBN)
Número (ISBN) 2215065079
021 ## - Número do Depósito Legal
Código do país PT
035 ## - Other System Control Numbers
System Control Number 0000626
System Control Number 0000622
System Control Number 0000622
System Control Number 0000612
100 ## - Dados gerais de processamento
Dados gerais de processamento 20051017d a e0pory5003 ba
102 ## - Pais de publicação ou produção
País de publicação Portugal
101 1# - Língua de publicação
Língua do texto, banda sonora, etc. Português
Língua do documento no original Francês
106 ## - Campo de dados codificados: material textual
Dados codificados do material textual r
105 ## - Campo de dados codificados: livros
Dados codificados dos livros y z 001yy
215 ## - Descrição física 
Indicação específica da natureza do documento e extensão da espécie p. 45
Dimensões cm
200 1# - Titulo e menção de responsabilidade
Título próprio Atlas da natureza
Primeira menção de responsabilidade Laure Cambournac
205 ## - Menção da edição
Menção da edição 1ª edição
210 ## - Publicação, Distribuição, etc. 
Lugar da edição, distribuição, etc. Lisboa
Nome do editor, distribuidor, etc. Fleurus
Data da publicação, distribuição, etc. 2001
942 ## - Elementos de entrada adicionados (Koha)
Tipo de item no Koha Livro
Exemplares
Situação do levantamento Origin of item (home branch) (coded) Biblioteca de empréstimo Código de barras Circulation type (not for loan) Tipo de documento Nota do exemplar Damaged status
  Biblioteca Escolar Eng. Nuno Mergulhão Biblioteca Escolar Eng. Nuno Mergulhão BENM967   Cativo Sem mensagem